<?xml version="1.0" encoding="UTF-8"?>
<record
    xmlns:xsi="http://www.w3.org/2001/XMLSchema-instance"
    xsi:schemaLocation="http://www.loc.gov/MARC21/slim http://www.loc.gov/standards/marcxml/schema/MARC21slim.xsd"
    xmlns="http://www.loc.gov/MARC21/slim">

  <leader>03825cam a2200481 i 4500</leader>
  <controlfield tag="001">22844154</controlfield>
  <controlfield tag="003">CSPC</controlfield>
  <controlfield tag="005">20250721105355.0</controlfield>
  <controlfield tag="008">221027s2023    ilua     b    001 0deng  </controlfield>
  <datafield tag="010" ind1=" " ind2=" ">
    <subfield code="a">  2022044212</subfield>
  </datafield>
  <datafield tag="020" ind1=" " ind2=" ">
    <subfield code="a">9780809338955</subfield>
    <subfield code="q">(paperback)</subfield>
  </datafield>
  <datafield tag="035" ind1=" " ind2=" ">
    <subfield code="a">22844154</subfield>
  </datafield>
  <datafield tag="040" ind1=" " ind2=" ">
    <subfield code="a">DLC</subfield>
    <subfield code="b">eng</subfield>
    <subfield code="e">rda</subfield>
    <subfield code="c">DLC</subfield>
    <subfield code="d">DLC</subfield>
    <subfield code="d">CSPC</subfield>
  </datafield>
  <datafield tag="042" ind1=" " ind2=" ">
    <subfield code="a">pcc</subfield>
  </datafield>
  <datafield tag="050" ind1="0" ind2="0">
    <subfield code="a">CD971</subfield>
    <subfield code="b">.U55 2023</subfield>
  </datafield>
  <datafield tag="082" ind1="0" ind2="0">
    <subfield code="a">027</subfield>
    <subfield code="b">Un76</subfield>
    <subfield code="2">23/eng/20221103</subfield>
  </datafield>
  <datafield tag="245" ind1="0" ind2="0">
    <subfield code="a">Unsettling archival research :</subfield>
    <subfield code="b">engaging critical, communal, and digital archives /</subfield>
    <subfield code="c">edited by Gesa E. Kirsch [and 3 others].</subfield>
  </datafield>
  <datafield tag="246" ind1="3" ind2="0">
    <subfield code="a">Engaging critical, communal, and digital archives</subfield>
  </datafield>
  <datafield tag="264" ind1=" " ind2="1">
    <subfield code="a">Carbondale :</subfield>
    <subfield code="b">Southern Illinois University Press,</subfield>
    <subfield code="c">2023.</subfield>
  </datafield>
  <datafield tag="300" ind1=" " ind2=" ">
    <subfield code="a">xiii, 321 pages :</subfield>
    <subfield code="b">illustrations ;</subfield>
    <subfield code="c">23 cm</subfield>
  </datafield>
  <datafield tag="336" ind1=" " ind2=" ">
    <subfield code="a">text</subfield>
    <subfield code="b">txt</subfield>
    <subfield code="2">rdacontent</subfield>
  </datafield>
  <datafield tag="337" ind1=" " ind2=" ">
    <subfield code="a">unmediated</subfield>
    <subfield code="b">n</subfield>
    <subfield code="2">rdamedia</subfield>
  </datafield>
  <datafield tag="338" ind1=" " ind2=" ">
    <subfield code="a">volume</subfield>
    <subfield code="b">nc</subfield>
    <subfield code="2">rdacarrier</subfield>
  </datafield>
  <datafield tag="504" ind1=" " ind2=" ">
    <subfield code="a">Includes bibliographical references and index.</subfield>
  </datafield>
  <datafield tag="505" ind1="0" ind2=" ">
    <subfield code="a">Unsettling the "Archive Story" / Jean Bessette -- Rescuing the Archive from What? / Wendy Hayden -- Narratives of Triumph : A Case Study of the Polio Archive / Jackie M. James -- Nostalgia in the Archives : Using Nostalgia as a Tool for Negotiating Ideological Tensions / Kalyn Prince -- A Matter of Order : The Power of Provenance in the Mercury Collection of Marion Lamm / Kathryn Manis and Patty Wilde -- Hidden in Plain Sight : Rescuing the Archives from Disciplinarity / Lyn&#xE9;e Lewis Gaillet and Jessica A. Rose -- (En)Countering Archival Silences : Critical Lenses, Relationships, and Informal Archives / Mar&#xED;a P. Carvajal Regidor -- Let Them Speak : Rhetorically Reimagining Prison Voices in the Archives of the Collective / Sally F. Benson -- Bearing Witness to Transient Histories / Pamela Takayoshi -- The Rhetorical (Im)possibilities of Recovering George Barr : Toward a Decolonial Queer Archival Methodology / Walker P. Smith -- Archival Imaginings of the Working-Class College Woman : The 1912-1913 Scrapbook of Josephine Gomon, University of Michigan College Student / Liz Rohan -- Decolonizing the Transnational Collection : A Heuristic for Teaching Digital Archival Curation and Participation / Tarez Samra Graban -- Archiving as Learning : Digital Archives as Heuristic for Transformative Undergraduate Education / Jennifer Almjeld -- Settling Emerging Scholars in Unsettling Territory : A Case Study of Underrepresented Students Working in Dominant Culture Collections / Rebecca Schneider and Deborah Hollis -- Unsettling Archival Pedagogy / Amy J. Lueck and Nadia Nasr.</subfield>
  </datafield>
  <datafield tag="520" ind1=" " ind2=" ">
    <subfield code="a">"The essays in this collection shed light on how tactical archival practices can decenter, reshape, and unsettle traditional archival methodologies. Contributors include established scholars, emerging scholars, doctoral candidates, and critical archival scholars"--</subfield>
    <subfield code="c">Provided by publisher.</subfield>
  </datafield>
  <datafield tag="650" ind1=" " ind2="0">
    <subfield code="a">Archives</subfield>
    <subfield code="x">Social aspects.</subfield>
  </datafield>
  <datafield tag="650" ind1=" " ind2="0">
    <subfield code="a">Archives</subfield>
    <subfield code="x">Administration</subfield>
    <subfield code="x">Moral and ethical aspects.</subfield>
  </datafield>
  <datafield tag="650" ind1=" " ind2="0">
    <subfield code="a">Records</subfield>
    <subfield code="x">Management</subfield>
    <subfield code="x">Moral and ethical aspects.</subfield>
  </datafield>
  <datafield tag="650" ind1=" " ind2="0">
    <subfield code="a">Minorities</subfield>
    <subfield code="x">Archives.</subfield>
  </datafield>
  <datafield tag="650" ind1=" " ind2="0">
    <subfield code="a">Archives</subfield>
    <subfield code="x">Political aspects.</subfield>
  </datafield>
  <datafield tag="650" ind1=" " ind2="0">
    <subfield code="a">Archives</subfield>
    <subfield code="x">Access control.</subfield>
  </datafield>
  <datafield tag="650" ind1=" " ind2="0">
    <subfield code="a">Collective memory.</subfield>
  </datafield>
  <datafield tag="700" ind1="1" ind2=" ">
    <subfield code="a">Kirsch, Gesa,</subfield>
    <subfield code="e">editor.</subfield>
  </datafield>
  <datafield tag="700" ind1="1" ind2=" ">
    <subfield code="a">Garcia, Romeo,</subfield>
    <subfield code="e">editor.</subfield>
  </datafield>
  <datafield tag="700" ind1="1" ind2=" ">
    <subfield code="a">Allen, Caitlin Burns,</subfield>
    <subfield code="e">editor.</subfield>
  </datafield>
  <datafield tag="700" ind1="1" ind2=" ">
    <subfield code="a">Smith, Walker P.,</subfield>
    <subfield code="e">editor.</subfield>
  </datafield>
  <datafield tag="776" ind1="0" ind2="8">
    <subfield code="i">Online version:</subfield>
    <subfield code="t">Unsettling archival research</subfield>
    <subfield code="d">Carbondale : Southern Illinois University Press, [2023]</subfield>
    <subfield code="z">9780809338962</subfield>
    <subfield code="w">(DLC) 2022044213</subfield>
  </datafield>
  <datafield tag="906" ind1=" " ind2=" ">
    <subfield code="a">7</subfield>
    <subfield code="b">cbc</subfield>
    <subfield code="c">orignew</subfield>
    <subfield code="d">1</subfield>
    <subfield code="e">ecip</subfield>
    <subfield code="f">20</subfield>
    <subfield code="g">y-gencatlg</subfield>
  </datafield>
  <datafield tag="942" ind1=" " ind2=" ">
    <subfield code="2">ddc</subfield>
    <subfield code="c">BK</subfield>
    <subfield code="e">23</subfield>
    <subfield code="h">027</subfield>
    <subfield code="i">Un76</subfield>
    <subfield code="k">CIR</subfield>
    <subfield code="m">2023</subfield>
    <subfield code="n">0</subfield>
  </datafield>
  <datafield tag="952" ind1=" " ind2=" ">
    <subfield code="0">0</subfield>
    <subfield code="1">0</subfield>
    <subfield code="2">ddc</subfield>
    <subfield code="4">0</subfield>
    <subfield code="7">0</subfield>
    <subfield code="a">CSPC</subfield>
    <subfield code="b">CSPC</subfield>
    <subfield code="c">CIR</subfield>
    <subfield code="d">2025-07-18</subfield>
    <subfield code="l">0</subfield>
    <subfield code="o">CIR 027 Un76 2023</subfield>
    <subfield code="p">029769</subfield>
    <subfield code="r">2025-07-18 16:37:22</subfield>
    <subfield code="t">1-1</subfield>
    <subfield code="w">2025-07-18</subfield>
    <subfield code="y">BK</subfield>
  </datafield>
  <datafield tag="999" ind1=" " ind2=" ">
    <subfield code="c">29804</subfield>
    <subfield code="d">29804</subfield>
  </datafield>
</record>
